书目信息 |
| 题名: |
德谟克利特
|
|
| 作者: | 闻骏 著 | |
| 分册: | ||
| 出版信息: | 西安 陕西师范大学出版总社 2017 |
|
| 页数: | 153页 | |
| 开本: | 24cm | |
| 丛书名: | “大家精要”丛书 | |
| 单 册: | ||
| 中图分类: | B502.213 | |
| 科图分类: | ||
| 主题词: | ||
| 电子资源: | ||
| ISBN: | 978-7-5613-8973-7 | |
| 000 | 00835oam2 2200253 450 | |
| 001 | 2190 | |
| 005 | 20180522172020.57 | |
| 010 | @a978-7-5613-8973-7@dCNY20.00 | |
| 100 | @a20171018d2017 em y0chiy50 ea | |
| 101 | 0 | @achi |
| 102 | @aCN@b610000 | |
| 105 | @ay z 000yb | |
| 200 | 1 | @a德谟克利特@9de mo ke li te@dDemocritus@f闻骏著@zeng |
| 210 | @a西安@c陕西师范大学出版总社@d2017 | |
| 215 | @a153页@d24cm | |
| 225 | 1 | @a“大家精要”丛书 |
| 330 | @a本书分为“百科全书式的学者:德谟克利特”“原子论哲学的形成:从泰勒斯到留基波”“宇宙的本原:原子与虚空”等6章介绍了德谟克利特的一生。 | |
| 461 | 0 | @12001 @a“大家精要”丛书 |
| 510 | 1 | @aDemocritus@zeng |
| 600 | 0 | @a德谟克利特@f(约前460-前370)@x传记 |
| 690 | @aB502.213@v5 | |
| 701 | 0 | @a闻骏@9wen jun@4著 |
| 801 | 0 | @aCN@b91MARC@c20171018 |
| 905 | @aMuseLib@dB502.213@e122 | |
| 德谟克利特=Democritus/闻骏著.-西安:陕西师范大学出版总社,2017 |
| 153页;24cm.-(“大家精要”丛书) |
| ISBN 978-7-5613-8973-7:CNY20.00 |
| 本书分为“百科全书式的学者:德谟克利特”“原子论哲学的形成:从泰勒斯到留基波”“宇宙的本原:原子与虚空”等6章介绍了德谟克利特的一生。 |
| ● |
| 相关链接 |
|
|
|
|
正题名:德谟克利特
索取号:B502.213/122
 
预约/预借
| 序号 | 登录号 | 条形码 | 馆藏地/架位号 | 状态 | 备注 |
| 1 | 1108317 | 211083174 | 第一样本阅览室/ [索取号:B502.213/122] | 在馆 | |
| 2 | 1108318 | 211083183 | 教育系资料室/ [索取号:B502.213/122] | 在馆 | |
| 3 | 1108319 | 211083192 | 教育系资料室/ [索取号:B502.213/122] | 在馆 | |
| 4 | 1108320 | 211083209 | 第一借阅区/ [索取号:B502.213/122] | 在馆 |